| 000 | 01007cam a22002895a 4500 | ||
|---|---|---|---|
| 001 | 18320848 | ||
| 003 | EG-ScBUE | ||
| 005 | 20241112141316.0 | ||
| 008 | 140930t2015 enka f b 001 0 eng d | ||
| 020 | _a1292058617 | ||
| 020 | _a9781292058610 | ||
| 040 |
_aDLC _beng _erda _cDLC _dEG-ScBUE |
||
| 082 | 0 | 4 |
_a519.5 _bLAR _222 |
| 100 | 1 |
_aLarson, Ron, _d1941- _eauthor. _938309 |
|
| 245 | 1 | 0 |
_aElementary statistics : _bpicturing the world / _cRon Larson, The Pennsylvania State University, The Behrend College, Betsy Farber, Bucks County Community College. |
| 250 | _aSixth edition. | ||
| 250 | _aGlobal edition. | ||
| 264 | 1 |
_aHarlow, England : _bPearson Education Limited, _c[2015] |
|
| 264 | 4 | _cc2015 | |
| 300 |
_a704 pages : _billustrations (some color) ; _c29 cm |
||
| 504 | _aIncludes bibliographical references and index. | ||
| 650 | 7 |
_aStatistics. _2BUEsh _923394 |
|
| 653 |
_bENGGEN _cJune2015 _cAugust2015 |
||
| 655 | _vReading book | ||
| 700 | 1 |
_aFarber, Betsy, _eauthor. |
|
| 942 |
_2ddc _cBB |
||
| 999 |
_c19769 _d19741 |
||